Normal view
MARC view
- Y. M.Cho, M. Virasoro
Entry Personal Name
001 - CONTROL NUMBER
- control field: 20562
003 - CONTROL NUMBER IDENTIFIER
- control field: NUST
005 - DATE AND TIME OF LATEST TRANSACTION
- control field: 20190913055343.0
008 - FIXED-LENGTH DATA ELEMENTS
- fixed length control field: 190913|| aca||aabn | a|a d
040 ## - CATALOGING SOURCE
- Original cataloging agency: NUST
- Transcribing agency: NUST
100 ## - HEADING--PERSONAL NAME
- Personal name: Y. M.Cho, M. Virasoro
670 ## - SOURCE DATA FOUND
- Source citation: Work cat.: (NUST): Y. M.Cho, M. Virasoro, Proceedings of the APCTP-ICTP Joint International Conference Recent Developments in Nonperturbative Quantum Field Theory , 1998
